Databank (Record no. 76422)

MARC details
000 -LEADER
fixed length control field 00801cab a2200193 4500
001 - CONTROL NUMBER
control field ##L132401
008 - FIXED-LENGTH DATA ELEMENTS--GENERAL INFORMATION
fixed length control field 060203n2006 000 0 eng u
035 ## - SYSTEM CONTROL NUMBER
System control number (Sirsi) u132401
041 0# - LANGUAGE CODE
Language code of text/sound track or separate title eng
100 1# - MAIN ENTRY--PERSONAL NAME
Personal name Hughes, Rob
245 00 - TITLE STATEMENT
Title Databank
260 ## - PUBLICATION, DISTRIBUTION, ETC.
Date of publication, distribution, etc. 2006
490 #0 - SERIES STATEMENT
Series statement Property Week
Volume/sequential designation 71(4) 27 January 2006, 52(1)
520 ## - SUMMARY, ETC.
Summary, etc. Suggests that development land in north/west England is in short supply. This argument is supported by evidence produced by the Valuation Office Agency consisting of a comparison between residential land values across the United Kingdom; a list of north-west land prices, plus a map of its residential markets.
590 ## - LOCAL NOTE (RLIN)
Local note IKA140206
650 24 - SUBJECT ADDED ENTRY--TOPICAL TERM
Topical term or geographic name entry element VALUATION OFFICE AGENCY
690 ## - LOCAL SUBJECT ADDED ENTRY--TOPICAL TERM (OCLC, RLIN)
Topical term or geographic name as entry element PROPERTY-RESIDENTIAL PROPERTY-RESIDENTIAL PROPERTY MARKET
942 ## - ADDED ENTRY ELEMENTS (KOHA)
Suppress in OPAC 0
Holdings
Withdrawn status Lost status Source of classification or shelving scheme Damaged status Not for loan Home library Current library Shelving location Date acquired Total Checkouts Full call number Barcode Date last seen Copy number Price effective from Koha item type
    Dewey Decimal Classification     London London Journal article 03/02/2006   L132401 132401-2001 06/08/2019 1 06/08/2019 Journal article